书目信息 |
| 题名: |
全国纪检监察法规工作理论研讨座谈会 论文集
|
|
| 作者: | ;中央纪委监察部法规室 编 | |
| 分册: | ||
| 出版信息: | 北京 中国方正出版社 2005.06 |
|
| 页数: | 448页 | |
| 开本: | 20cm | |
| 丛书名: | ||
| 单 册: | ||
| 中图分类: | D630.9-53 | |
| 科图分类: | ||
| 主题词: | 政治--中国 | |
| 电子资源: | ||
| ISBN: | 7-80216-014-6 | |
| 000 | 00734nam0 2200193 450 | |
| 001 | 0837213546 | |
| 005 | 20080528102537.23 | |
| 010 | @a7-80216-014-6@dCNY28.00 | |
| 100 | @a20080528d2005 km y0chiy0120 ea | |
| 101 | 0 | @achi |
| 102 | @aCN | |
| 200 | 1 | @a全国纪检监察法规工作理论研讨座谈会 论文集@Aquan guo ji jian jian cha fa gui gong zuo li lun yan tao zuo tan hui lun wen ji@f中央纪委监察部法规室编@Fzhong yang ji wei jian cha bu fa gui shi bian |
| 210 | @a北京@c中国方正出版社@d2005.06 | |
| 215 | @a448页@d20cm | |
| 606 | 0 | @a政治@x中国 |
| 690 | @aD630.9-53@v4 | |
| 711 | 02 | @a中央纪委监察部法规室@Azhong yang ji wei jian cha bu fa gui shi@4编 |
| 801 | 0 | @aCN@b大连网信软件有限公司图书馆·11@c20080528 |
| 905 | @aZUCC@dD630.9-53@eZ7112 | |
| 全国纪检监察法规工作理论研讨座谈会 论文集/中央纪委监察部法规室编.-北京:中国方正出版社,2005.06 |
| 448页;20cm |
| ISBN 7-80216-014-6:CNY28.00 |
| ● |
| 相关链接 |
|
|
|
正题名:全国纪检监察法规工作理论研讨座谈会 论文
索取号:D630.9-53/Z7112
 
预约/预借
| 序号 | 登录号 | 条形码 | 馆藏地/架位号 | 状态 | 备注 |
| 1 | 452102 | 204521026 | 社科库509/509社科库 74排5列6层/ [索取号:D630.9-53/Z7112] | 在馆 | |
| 2 | 452103 | 204521035 | 社科库509/509社科库 74排5列6层/ [索取号:D630.9-53/Z7112] | 在馆 |